| 000 | 00000nam 2200000zi 4500 |
| 001 | 9.950869 |
| 003 | CaOODSP |
| 005 | 20250916114240 |
| 006 | m o d f |
| 007 | cr cn||||||||| |
| 008 | 250506t20252025qucbd ob f000 0 eng d |
| 020 | |a9780660771793 |
| 040 | |aCaOODSP|beng|erda|cCaOODSP |
| 043 | |an-cn-qu |
| 086 | 1 |aEn153-114/2-2025E-PDF |
| 100 | 1 |aČapkun-Huot, Catherine, |eauthor. |
| 245 | 10|aSeabirds – sentinel species for the Gulf / |cprepared by: Catherine Čapkun-Huot and Jean-François Rail. |
| 250 | |a5th edition. |
| 264 | 1|a[Gatineau, Quebec] : |b[Environment and Climate Change Canada] ; |aWinnipeg : |bCanada Water Agency, |c[2025] |
| 264 | 4|c©2025 |
| 300 | |a1 online resource (9 unnumbered pages) : |bmap, graphs. |
| 336 | |atext|btxt|2rdacontent |
| 337 | |acomputer|bc|2rdamedia |
| 338 | |aonline resource|bcr|2rdacarrier |
| 500 | |aIssued also in French under title: Les oiseaux de mer – des espèces sentinelles du golfe. |
| 504 | |aIncludes bibliographical references. |
| 520 | |a"Seabirds nesting in the migratory bird sanctuaries of the North Shore are surveyed every five years. Their status is considered “moderate” due to trends observed in five indicator species: the Common Murre and Razorbill are doing very well, the reduced number of Atlantic puffins is increasing, the status of tiny Caspian Tern population remains precarious despite recent growth, and the decline of the American Herring Gull continues. The abundance of food resources, the presence of predators, and human disturbance are key factors at play"--Highlights. |
| 650 | 0|aSea bird populations|zSaint Lawrence, Gulf of. |
| 650 | 0|aIndicators (Biology)|zSaint Lawrence, Gulf of. |
| 710 | 1 |aCanada. |bEnvironment and Climate Change Canada, |eissuing body. |
| 710 | 2 |aCanada Water Agency, |eissuing body. |
| 775 | 08|tLes oiseaux de mer – des espèces sentinelles du golfe / |w(CaOODSP)9.950870 |
| 795 | |tSeabirds – sentinel species for the Gulf / |w(CaOODSP)9.889692 |
| 856 | 40|qPDF|s688 KB|uhttps://publications.gc.ca/collections/collection_2025/eccc/En153-114-2-2025-eng.pdf |
| 856 | 4 |qHTML|sN/A|uhttps://www.canada.ca/en/canada-water-agency/freshwater-ecosystem-initiatives/st-lawrence-river/publications/seabirds.html |